| 000 | 00747ngm a2200217 a 4500 | ||
|---|---|---|---|
| 005 | 20250619063852.0 | ||
| 008 | 010731s1998 mx 050 aaspa d | ||
| 020 | _a9701816463 | ||
| 035 | _aUPN01000110333 | ||
| 049 | _aAV | ||
| 050 | 4 | _aPVI QP 0919 | |
| 245 | 0 | 3 | _aLa evolución de la mente. |
| 260 |
_aMéxico : _bSEP : _bILCE : _bDiscovery Channel, _c1998. |
||
| 300 |
_a1 videocasete (VHS) (50 min.) : _bson., col. |
||
| 440 | 3 |
_aEl cerebro ; _v2 |
|
| 520 | _aEn este programa se dan a conocer importantes hallazgos sobre su origen, la capacidad de pensar y razonar como resultado de un largo proceso evolutivo | ||
| 650 | 4 |
_aCerebro _95053 |
|
| 650 | 2 |
_aNeurología _915960 |
|
| 650 | 4 |
_aSISTEMA NERVIOSO _916591 |
|
| 905 | _aAudiovisuales | ||
| 999 |
_c84242 _d84242 |
||